Thea Stilton and the ice treasure / (Record no. 6534)
[ view plain ]
| 000 -LEADER | |
|---|---|
| fixed length control field | 01508nam a22003377a 4500 |
| 001 - CONTROL NUMBER | |
| control field | 6534 |
| 003 - CONTROL NUMBER IDENTIFIER | |
| control field | FISKH |
| 005 - DATE AND TIME OF LATEST TRANSACTION | |
| control field | 20250508103312.0 |
| 008 - FIXED-LENGTH DATA ELEMENTS--GENERAL INFORMATION | |
| fixed length control field | 250508b cb ||||| |||| 00| 0 eng d |
| 020 ## - INTERNATIONAL STANDARD BOOK NUMBER | |
| International Standard Book Number | 9780545331340 |
| 040 ## - CATALOGING SOURCE | |
| Original cataloging agency | CNRCS |
| Language of cataloging | eng |
| Transcribing agency | CNRCS |
| Modifying agency | BTCTA |
| -- | QS4 |
| -- | IFA |
| -- | RNL |
| -- | EHH |
| -- | IMT |
| -- | SINLB |
| -- | IHI |
| -- | BDX |
| -- | OCLCQ |
| -- | ZGH |
| -- | DLC |
| 050 ## - LIBRARY OF CONGRESS CALL NUMBER | |
| Classification number | PZ7 .T3384 |
| 082 ## - DEWEY DECIMAL CLASSIFICATION NUMBER | |
| Classification number | 853.92 |
| 100 ## - MAIN ENTRY--PERSONAL NAME | |
| Personal name | Geronimo, Stilton |
| Dates associated with a name | (1958-) |
| 130 0# - MAIN ENTRY--UNIFORM TITLE | |
| Uniform title | Tesoro di ghiaccio. |
| Language of a work | English |
| 245 10 - TITLE STATEMENT | |
| Title | Thea Stilton and the ice treasure / |
| Statement of responsibility, etc. | Geronimo Stilton |
| 250 ## - EDITION STATEMENT | |
| Edition statement | This edition first published in 2011 |
| 260 ## - PUBLICATION, DISTRIBUTION, ETC. | |
| Place of publication, distribution, etc. | New York : |
| Name of publisher, distributor, etc. | Scholastic, |
| Date of publication, distribution, etc. | 2011. |
| 300 ## - PHYSICAL DESCRIPTION | |
| Extent | 158 pages : |
| Other physical details | color illustrations ; |
| Dimensions | 20 cm. |
| 505 ## - FORMATTED CONTENTS NOTE | |
| Formatted contents note | R<br/> |
| 520 ## - SUMMARY, ETC. | |
| Summary, etc. | "In this fabumouse adventure, the Thea Sisters head to Alaska, where they're attending a conference held by an important ecological association. Their host and his family are native Alaskans, who show the mouselings their favorite games and activities. But soon there's trouble - the Thea Sisters discover that someone is upsetting the ecosystem by blowing up the ice with explosives! Can the Thea Sisters figure out what's going on and save the day?"--Publisher.<br/> |
| 521 ## - TARGET AUDIENCE NOTE | |
| Target audience note | 740<br/> |
| Source | Lexile<br/> |
| 521 ## - TARGET AUDIENCE NOTE | |
| Target audience note | R<br/> |
| Source | Raz-Plus<br/> |
| 650 #0 - SUBJECT ADDED ENTRY--TOPICAL TERM | |
| Topical term or geographic name entry element | Mice |
| Form subdivision | Juvenile fiction. |
| 650 #0 - SUBJECT ADDED ENTRY--TOPICAL TERM | |
| Topical term or geographic name entry element | Journalists |
| Form subdivision | Juvenile fiction. |
| 650 #1 - SUBJECT ADDED ENTRY--TOPICAL TERM | |
| Topical term or geographic name entry element | Mice |
| Form subdivision | Fiction. |
| 700 1# - ADDED ENTRY--PERSONAL NAME | |
| Personal name | Battan, Alessandro, |
| Dates associated with a name | illustrator |
| 906 ## - LOCAL DATA ELEMENT F, LDF (RLIN) | |
| a | 7 |
| b | cbc |
| c | copycat |
| d | 2 |
| e | ncip |
| f | 20 |
| g | y-gencatlg |
| 942 ## - ADDED ENTRY ELEMENTS (KOHA) | |
| Source of classification or shelving scheme | Dewey Decimal Classification |
| Koha item type | Books |
| Suppress in OPAC | No |
| Withdrawn status | Lost status | Source of classification or shelving scheme | Damaged status | Not for loan | Collection | Home library | Current library | Shelving location | Date acquired | Total Checkouts | Full call number | Barcode | Date last seen | Date last checked out | Copy number | Price effective from | Koha item type |
|---|---|---|---|---|---|---|---|---|---|---|---|---|---|---|---|---|---|
| Dewey Decimal Classification | Juvenile Fiction | Footprints International School Library Network Toul Tom Poung Campus | Footprints International School Library Network Toul Tom Poung Campus | TTP Primary Orange Bookshelves | 05/08/2025 | 1 | STI 853.92 PZ7 .T3384 | 2025-1219 | 01/21/2026 | 12/10/2025 | 1 | 05/08/2025 | Books |
